Súkromné právo recenzovaný časopis zameraný na otázky aplikačnej praxe

Salvato in:
Dettagli Bibliografici
Natura: Periodico
Lingua:slovacco
Pubblicazione: Bratislava Wolters Kluwer SR 2020
Soggetti:
Tags: Aggiungi Tag
Nessun Tag, puoi essere il primo ad aggiungerne!!

MARC

LEADER 00000nas2a2200000 4500
001 0303599
005 20240813110505.4
022 |a 1339-8652 
041 0 |a slo 
044 |a SK 
245 1 0 |a Súkromné právo  |b recenzovaný časopis zameraný na otázky aplikačnej praxe 
264 1 |a Bratislava  |b Wolters Kluwer SR  |c 2020 
773 0 |w eu_un_cat*0251996 
610 2 0 |a právo súkromné 
610 2 0 |a predpisy právne 
610 2 0 |a vymožiteľnosť práva 
610 2 0 |a normy právne